[Event "AUT-ch U14"]
[Site "St Veit"]
[Date "2022.04.10"]
[Round "2"]
[White "Pavlov, Alexander1111"]
[Black "Winkelbauer, Christian"]
[Result "1-0"]
[WhiteElo "1592"]
[BlackElo "1576"]
[PlyCount "33"]
[EventDate "2022.04.10"]
[EventType "swiss"]
[EventRounds "7"]
[EventCountry "AUT"]
[SourceTitle "EXT 2023"]
[Source "ChessBase"]
[SourceDate "2022.10.05"]
[SourceVersion "1"]
[SourceVersionDate "2022.10.05"]
[SourceQuality "1"]

1. e4 e6 2. d4 d5 3. Nc3 Nf6 4. e5 Nfd7 5. Nf3 c5 6. dxc5 Bxc5 7. Bd3 Nc6 8. Bf4 0-0 9. Bxh7+ Kh8 10. Bd3 Be7 11. Ng5 g6 12. Qg4 Kg8 13. Qh4 Bxg5 14. Bxg5 Qe8 15. Bf6 Nxf6 16. exf6 Ne5 17. Qh6 1-0

[Event "AUT-ch U14"]
[Site "St Veit"]
[Date "2021.10.26"]
[Round "3.7"]
[White "Winkelbauer, Christian"]
[Black "Stadlinger, Lukas"]
[Result "0-1"]
[WhiteElo "1195"]
[BlackElo "1702"]
[PlyCount "90"]
[EventDate "2021.10.25"]
[EventType "swiss"]
[EventRounds "7"]
[EventCountry "AUT"]
[SourceTitle "EXT 2023"]
[Source "ChessBase"]
[SourceDate "2022.10.05"]
[SourceVersion "1"]
[SourceVersionDate "2022.10.05"]
[SourceQuality "1"]

1. c4 e5 2. g3 f5 3. Bg2 Nf6 4. d3 Nc6 5. Nc3 Bb4 6. Bd2 d6 7. e4 0-0 8. Nge2 Qe8 9. a3 Bxc3 10. Nxc3 Kh8 11. 0-0 Ne7 12. Nb5 Qd8 13. Ba5 b6 14. Bd2 Bb7 15. Nc3 c6 16. f4 fxe4 17. fxe5 dxe5 18. dxe4 Qd4+ 19. Rf2 Qxc4 20. Bg5 Rad8 21. Qf1 Qxf1+ 22. Raxf1 Ba6 23. Rxf6 gxf6 24. Bxf6+ Kg8 25. Bxe7 Bxf1 26. Bxf1 Rd2 27. Bc4+ Kg7 28. Bxf8+ Kxf8 29. b3 Rc2 30. Na4 b5 31. Bd3 Rc1+ 32. Kg2 bxa4 33. bxa4 Rc3 34. Ba6 Rxa3 35. Bb7 c5 36. Bc6 c4 37. Kf2 Ra2+ 38. Ke1 Rxh2 39. Bb5 c3 40. Kd1 h6 41. g4 Ke7 42. Ba6 Kd6 43. Be2 c2+ 44. Kxc2 Rxe2+ 45. Kc3 Rxe4 0-1